Charakteristika, oceňovanie, účtovanie a vykazovanie finančných záväzkov bakalárska práca

Salvato in:
Dettagli Bibliografici
Autore principale: Nogová, Dušana
Ente Autore: Fakulta hospodárskej informatiky EU. Katedra účtovníctva a audítorstva
Altri autori: Melničáková, Lenka
Natura: Libro
Lingua:slovacco
Pubblicazione: Bratislava 2011
Tags: Aggiungi Tag
Nessun Tag, puoi essere il primo ad aggiungerne!!

MARC

LEADER 00000nbm a2200000 4500
001 0141198
005 20161109111741.5
041 0 |a slo 
044 |a SK 
245 1 0 |a Charakteristika, oceňovanie, účtovanie a vykazovanie finančných záväzkov  |b bakalárska práca  |c Dušana Nogová ; školiteľ: Lenka Melničáková 
264 1 |a Bratislava  |c 2011 
300 |a 41 s. 
100 1 |a Nogová, Dušana 
700 1 |a Melničáková, Lenka 
710 2 |a Fakulta hospodárskej informatiky EU. Katedra účtovníctva a audítorstva